'E' Logos Quiz Stats

 Plays Quiz Updated Aug 25, 2016

Also try: 'D' Logos
Challenge
Share
Tweet
Score 0/18 Timer 05:00
1 Play Today
% Correct
Philadelphia Eagles
87.2%
ESPN
84.9%
eBay
84%
Excel (Microsoft)
81.2%
Evian
79.9%
ExxonMobil
78.5%
Energizer
69%
European Union
63.8%
Expedia
60.9%
% Correct
Enterprise
54.8%
Esso
54%
Entertainment Tonight
53.2%
E*TRADE
52.3%
ENERGY STAR
38.4%
Everton F.C.
32.3%
ECCO
29.4%
Eckō Unltd.
25.2%
Ernst & Young
18.4%

You're not logged in!

Compare scores with friends on all Sporcle quizzes.
OR
Log In

You Might Also Like...

Show Comments

Extras

Top Quizzes Today


Score Distribution

Your Account Isn't Verified!

In order to create a playlist on Sporcle, you need to verify the email address you used during registration. Go to your Sporcle Settings to finish the process.

Report this User

Report this user for behavior that violates our Community Guidelines.

Details: